000 00219nam a22000857a 4500
999 _c5499
_d5499
008 170116b xxu||||| |||| 00| 0 eng d
020 _a9788172163112
100 _92447
_aYobu.A.
245 _aTest Measurement & Evaluation
260 _aNew Delhi
_bSET
_c2009